000
00305nam a2200133Ia 4500
005
20251222143110.0
008
251222s9999||||xx |||||||||||||| ||spa||
082
_a
264.4/T79
100
_a
Trento, Aldo
245
0
_a
El nuevo Santo Rosario
250
_a
3a.ed.
264
_b
P. Aldo Trento
942
_c
LIB
999
_c
11137
_d
11137